000 00761nam a22002177a 4500
003 UA-OsUOA
001 131410
007 ta
008 20180604b un ||||| |||| 00| 0 ukr d
100 _aМіньковська І.
090 _a81
_bМ71
942 _cSA
040 _aUA-OsUOA
_bukr
_cUA-OsUOA
_dUA-OsUOA
245 _aПольська, чеська та угорська латинки для української мови в ХVІІ - ХVІІІ столітті
300 _aС.6-15
955 _a0
041 _aukr
080 _a81
773 0 _w131409
_tУкраїнська мова та література
_dК.
_d2018
_g10
650 7 _a8 Мовознавство. Художня література. Літературознавство
_2UDC
999 _c420109
_d420109